000 00618nam a2200193Ii 4500
003 JO-AjNU
008 230605s9999||||xx |||||||||||||| ||und||
040 _aJO-AjNU
_bara
_erda
_cJO-AjNU
041 _aara
050 1 4 _aBP166.8.Q222 1985
100 3 _aالقاضي، عبد الرحيم بن أحمد,
_eauthor
_99363
245 0 0 _aدقائق الأخبار في ذكر الجنة والنار
264 3 1 _aد.م: د.ن، 1985
300 _a51ص
336 _atext
_btxt
_2rdacontent
337 _aunmediated
_bn
_2rdamedia
338 _avolume
_bnc
_2rdacarrier
650 4 _aالجنة- يوم القيامة
_99364
999 _aA1261
_c4829
_d4829